[Event "Poznan op 26th"]
[Site "Poznan"]
[Date "2018.08.26"]
[Round "9"]
[White "Vesely, Vitek"]
[Black "Grochowski, Michal"]
[Result "1/2-1/2"]
[WhiteElo "2081"]
[BlackElo "1781"]
[PlyCount "120"]
[EventDate "2018.08.19"]
[EventType "swiss"]
[EventRounds "9"]
[EventCountry "POR"]
[SourceTitle "CBM 186 Extra"]
[Source "ChessBase"]
[SourceDate "2018.08.24"]
[SourceVersion "1"]
[SourceVersionDate "2018.08.24"]
[SourceQuality "1"]

1. d4 Nf6 2. c4 c5 3. d5 b5 4. cxb5 a6 5. b6 d6 6. Nc3 g6 7. e4 Bg7 8. h3 0-0 9. Nf3 Nbd7 10. Be2 Nxb6 11. 0-0 Ne8 12. Be3 f5 13. exf5 Bxf5 14. Rc1 a5 15. g4 Bc8 16. Qd2 Nc7 17. Bh6 Bb7 18. Bxg7 Kxg7 19. Ng5 Nbxd5 20. Bf3 Rxf3 21. Nxf3 Nf6 22. Qe3 Qd7 23. Nd2 d5 24. Qxc5 Nxg4 25. Qd4+ Nf6 26. Nce4 Ne6 27. Nxf6 exf6 28. Qg4 h5 29. Qg3 h4 30. Qh2 Kh8 31. f4 Rg8 32. Qe2 Nd4 33. Qd3 Nf5 34. Kh2 Ng3 35. Rg1 Re8 36. Qxg6 Re2+ 37. Rg2 Rxg2+ 38. Kxg2 d4+ 39. Kh2 Qe6 40. Qd3 Ba6 41. Qf3 Be2 42. Qf2 d3 43. Qc5 Kg7 44. Qf2 Qd6 45. Rg1 Qd5 46. b3 Kf7 47. Qa7+ Kg6 48. Qe3 Kf7 49. Qa7+ Kg6 50. Qe3 Kf7 51. Nc4 Nf1+ 52. Rxf1 Bxf1 53. Qa7+ Kf8 54. Qf2 Be2 55. Qe3 a4 56. Nd2 axb3 57. axb3 Kf7 58. Kg1 Qa5 59. Kg2 Qc3 60. Kf2 Qc1 1/2-1/2

[Event "Poznan op 25th"]
[Site "Poznan"]
[Date "2017.08.21"]
[Round "3"]
[White "Grochowski, Michal"]
[Black "Chaczynski, Kamil"]
[Result "0-1"]
[WhiteElo "1616"]
[BlackElo "1495"]
[PlyCount "87"]
[EventDate "2017.08.20"]
[EventType "swiss"]
[EventRounds "9"]
[EventCountry "POL"]
[SourceTitle "CBM 180 Extra"]
[Source "ChessBase"]
[SourceDate "2017.10.06"]
[SourceVersion "1"]
[SourceVersionDate "2017.10.06"]
[SourceQuality "1"]

1. e4 e6 2. d4 d5 3. Nd2 Nf6 4. Bd3 c5 5. e5 Nfd7 6. c3 Nc6 7. Ne2 cxd4 8. cxd4 f6 9. exf6 Nxf6 10. Nf3 Bd6 11. Nc3 a6 12. 0-0 0-0 13. h3 e5 14. dxe5 Nxe5 15. Nxe5 Bxe5 16. f4 Bc7 17. Bd2 b5 18. Ne2 d4 19. Ng3 Bb7 20. Nf5 Re8 21. Rf2 Qd7 22. Ng3 Bb6 23. Kh1 Rad8 24. a4 Bc6 25. axb5 Bxb5 26. Qb3+ Qd5 27. Qxd5+ Nxd5 28. Bxb5 axb5 29. Rc1 Rc8 30. Rff1 Ne3 31. Rfe1 Nc4 32. Rxe8+ Rxe8 33. Rd1 Bc7 34. Bc1 g5 35. Nh5 Re2 36. fxg5 d3 37. Nf6+ Kg7 38. Nd5 Be5 39. b3 d2 40. Bxd2 Rxd2 41. Rxd2 Nxd2 42. b4 Kg6 43. g4 Kxg5 44. Kg2 0-1